Liberian County Flags - Statistics

General Stats
  • This quiz has been taken 84 times
  • The average score is 12 of 15
Answer Stats
Picture Answer % Correct
Bomi
88%
Maryland
88%
Lofa
85%
Bong
82%
Gbarpolu
82%
River Gee
79%
Grand Kru
76%
Nimba
76%
Sinoe
76%
Grand Bassa
74%
Grand Cape Mount
71%
Grand Gedeh
71%
Montserrado
71%
Rivercess
68%
Margibi
65%
No matching quizzes found
Score Distribution
Percent of People with Each Score
Percentile by Number Answered
Your Score History
You have not taken this quiz